[Event "Lee Cup 4th"]
[Site "Beijing"]
[Date "1997.08.31"]
[Round "7"]
[White "Karaklajic, Nikola"]
[Black "Tong, Yuanming"]
[Result "0-1"]
[WhiteElo "2380"]
[BlackElo "2510"]
[Annotator "Mueller,Karsten"]
[PlyCount "80"]
[EventDate "1997.08.23"]
[EventType "swiss"]
[EventRounds "11"]
[EventCountry "CHN"]
[SourceTitle "CBM 061"]
[Source "ChessBase"]
[SourceDate "1997.11.23"]
[SourceVersion "1"]
[SourceVersionDate "1997.11.23"]
[SourceQuality "1"]

1. e4 d5 2. exd5 Qxd5 3. Nc3 Qa5 4. d4 Nf6 5. Nf3 c6 6. Bc4 Bg4 7. h3 Bh5 8. g4
(8. Qe2 Nbd7 9. g4 Bg6 10. Bd2 e6 11. d5 cxd5 12. Nxd5 Qd8 13. Nxf6+ gxf6 14.
Bc3 $14 {Van den Doel,E-Stefanova,A/Lost Boys 1997/EXP 59/1-0 (68)}) 8... Bg6
9. Ne5 Nbd7 (9... e6 10. Nxg6 hxg6 11. Bd2 Bb4 12. a3 Bxc3 13. Bxc3 Qb6 14. Qf3
Nd5 15. O-O-O Nxc3 16. Qxc3 Nd7 17. f4 $14 {1-0 Radulov,I-Berg,K/Silkeborg
1983/MCD-r8 (23)}) 10. Nxd7 $6 (10. Nxg6 hxg6 11. Bd2 e6 (11... Qb6 12. Qe2
Qxd4 13. O-O-O Qe5 14. Be3 Nb6 15. Bb3 e6 16. f4 Qc7 17. f5 $40 {1-0
Zatulovskaya,T-Zvorykina,K/URS-chT Moscow 1972/MCD-ch (32)}) 12. g5 Nh5 13. Qg4
Bb4 14. O-O-O O-O-O 15. a3 Bxc3 16. Bxc3 Qf5 17. Bd2 $14 {1-0 Velikhanli,
F-Galliamova,A/Rostov on Don-W 1995/EXT 95 (52)}) (10. Qe2 e6 11. Bd2 Qc7 12.
O-O-O Nxe5 13. dxe5 Nd5 14. f4 $14 {1-0 Brustman,A-Ermenkov,E/Aegina 1993/Inf
58/[Brustman,A] (38)}) 10... Nxd7 11. h4 $6 h5 $1 12. g5 O-O-O 13. Bd2 Qb6 14.
Ne2 e5 $1 {damit geht die Initiative endgültig an Schwarz über} 15. Bb3 (15.
Bc3 Bb4 16. Qd2 Bxc3 17. Qxc3 exd4 $17) 15... exd4 16. Nf4 Bd6 17. Nxg6 fxg6
18. O-O Rhf8 19. Kg2 Bf4 20. f3 Qc7 21. Bxf4 Qxf4 22. Qe1 Rde8 23. Qg3 Re2+ 24.
Rf2 Qxg3+ 25. Kxg3 Rxf2 26. Kxf2 Ne5 27. Re1 Nxf3 28. Re7 Nxh4+ 29. Ke2 Nf5 30.
Re6 h4 31. Rxg6 h3 32. Be6+ Kb8 33. Bxf5 h2 34. Be4 Re8 35. Kf2 Rxe4 36. Kg2
Re2+ 37. Kh1 Rxc2 38. Rxg7 d3 39. Rd7 d2 40. g6 Rc1+ 0-1

[Event "Elbow Beach Club GM-B"]
[Site "Paget Parish"]
[Date "2001.01.20"]
[Round "2"]
[White "Doettling, Fabian"]
[Black "Kalod, Radek"]
[Result "1/2-1/2"]
[WhiteElo "2509"]
[BlackElo "2490"]
[Annotator "Mueller,Karsten"]
[PlyCount "47"]
[EventDate "2001.01.19"]
[EventType "tourn"]
[EventRounds "11"]
[EventCountry "BER"]
[EventCategory "9"]
[SourceTitle "CBM 081"]
[Source "ChessBase"]
[SourceDate "2001.03.20"]
[SourceVersion "1"]
[SourceVersionDate "2001.03.20"]
[SourceQuality "1"]

1. e4 d5 2. exd5 Qxd5 3. Nf3 Bg4 4. Be2 Nc6 5. h3 Bxf3 6. Bxf3 Qe5+ 7. Qe2
Qxe2+ 8. Bxe2 O-O-O 9. c3 e5 10. d3 f5 11. O-O Nf6 12. Na3 e4 13. Rd1 Bxa3 14.
bxa3 h6 15. Bb2 Rhe8 16. dxe4 Nxe4 17. Bh5 Re6 18. Bf7 Red6 19. Rxd6 Rxd6 20.
c4 Rd4 {ich denke, daß die Notation falsch ist und schlage} (20... Nd4 21. f3
Ng5 22. Bd5 Nge6 23. Rd1 c5 {vor.}) 21. f3 Ng5 22. Bd5 Ne6 23. Re1 Nc5 24. Re5
1/2-1/2

[Event "Drury Lane"]
[Site "London"]
[Date "1997.06.19"]
[Round "4"]
[White "Emms, John M"]
[Black "Dunnington, Angus J"]
[Result "1-0"]
[WhiteElo "2535"]
[BlackElo "2445"]
[Annotator "Mueller,Karsten"]
[PlyCount "45"]
[EventDate "1997.06.16"]
[EventType "tourn"]
[EventRounds "9"]
[EventCountry "ENG"]
[EventCategory "10"]
[SourceTitle "CBM 060"]
[Source "ChessBase"]
[SourceDate "1997.09.29"]
[SourceVersion "1"]
[SourceVersionDate "1997.09.29"]
[SourceQuality "1"]

1. e4 d5 2. exd5 Qxd5 3. Nc3 Qa5 4. Nf3 Nf6 5. d4 c6 6. Bd2 Bf5 7. Bc4 e6 8.
Ne4 $5 {"Ein seltener, jedoch keineswegs harmloser Zug. Sein Ziel besteht
darin, den Springer c3 mit Tempogewinn nach g3 zu überführen (vgl. M.Wahls:
Survey B01/8.Ne4/CBM 57)."} Qd8 $6 (8... Qb6 $6 9. Nxf6+ gxf6 10. O-O (10. Bb3
$5) 10... Qxb2 11. Rb1 Qxc2 12. Qxc2 Bxc2 13. Rxb7 Bd6 (13... Be4 14. Re1 $5
Bxf3 15. Bxe6 $3 fxe6 16. Rxe6+ Kd8 17. Ba5+ $18 {(Wahls)}) 14. Re1 Nd7 $44) (
8... Qc7 $5 9. Nxf6+ (9. Ng3 $6 Bg6 10. Qe2 (10. h4 Nh5 $1 11. Ne5 Nxg3 12.
fxg3 Nd7 13. Bf4 Nxe5 14. Bxe5 Bd6 15. Qe2 h5 16. O-O-O Bf5 17. Qe3 {und nun
hätte} Rg8 $1 {nach Wahls die Partie Glek-Wahls, BL 9697 ausgeglichen:} 18.
Bxd6 Qxd6 19. Be2 g6 20. Kb1 O-O-O $11) 10... Nbd7 11. O-O-O Bd6 $10 {1-0
Psakhis,L-Pomes,J/Andorra 1996/EXP 54/[Psakhis] (46)}) 9... gxf6 10. c3 (10.
Qe2 $5 Nd7 $6 (10... Bxc2 $5 11. O-O Bg6 12. d5 cxd5 13. Bxd5 Nc6 $13 {(Nunn)})
11. O-O-O O-O-O 12. Nh4 Bg6 13. Bb3 Bd6 14. g3 $1 Rhe8 15. Rhe1 f5 $2 16. Ng2
Kb8 $2 17. Bf4 f6 18. Bxe6 $1 $18 {1-0 Nunn,J-Conquest,S/Hastings9697 1996/CBM
57/[Wahls] (31)}) (10. Nh4 Bg6 11. f4 $5 Be4 $2 (11... f5 $1 $132 {(Wahls)})
12. f5 $1 exf5 13. Qh5 Na6 14. O-O-O O-O-O 15. Nxf5 Bd5 $6 16. Bxd5 cxd5 17.
Qg4 $16 {B.Jukic-Marinsek,Ljubljana 1996}) 10... Nd7 11. Qe2 $14 {(Psakhis,
Informator 67)} O-O-O 12. Nh4 Bg6 13. g3 e5 (13... c5 $1 {(Wahls)}) 14. f4 exf4
15. Bxf4 Bd6 16. O-O $14 {Bologan,V-Von Gleich,A/Riga op 1995/EXT 95op/1-0 (56)
}) 9. Ng3 Bg6 (9... Bg4 10. c3 Nbd7 (10... Nh5 11. Qb3 Nxg3 12. hxg3 Bxf3 13.
Qxb7 (13. gxf3 Qb6 $14) 13... Bxg2 14. Rh2 Nd7 15. Rxg2 Qc8 16. Ba6 Qxb7 17.
Bxb7 Rb8 18. Bxc6 Rxb2 19. Ba4 $16 {1-0 Golod,V-Sergeev,V/Hlohovec op 1994/EXT
94op (36)}) 11. h3 Bxf3 12. Qxf3 {Donev: +/= Weiß besitzt das Läuferpaar und
Raumvorteil.}) 10. h4 (10. c3 Nbd7 11. O-O Be7 12. Qe2 Nd5 13. Rad1 O-O 14. Bc1
Qc7 15. Ne5 Nxe5 16. dxe5 Rad8 $10 {Goldberg,A-Jackelen,T/BL 9394
Bochum-Dresden [5] 1993/1-0 (50)}) 10... h6 $6 (10... Nh5 11. Qe2 Nd7 12. O-O-O
Bd6 13. Ne5 Nxg3 14. fxg3 Bxe5 15. dxe5 h5 (15... h6 16. h5 Bh7 17. Qg4 $36)
16. Bb4 $5 $16 {[%csl Gc5,Gd6,Ge7,Gf8] 1-0 Svidler,P-Oll,L/Ter Apel 1996/CBM
53/[Bangiev] (23) Donev: Von b4 kontrolliert der B die geschwächten schwarzen
Felder und verhindert die kurze Rochade.}) (10... h5 11. Bg5 Nbd7 12. Qe2 $14)
11. Ne5 Bh7 (11... Qxd4 $6 12. Nxg6 fxg6 13. Qe2 {kann Schwarz sich vermutlich
nicht leisten, z.B.} Qxb2 14. Qxe6+ Kd8 15. Rd1 Nbd7 16. Ba5+ b6 17. Ne4 $40)
12. Qe2 Nd5 (12... Bd6 $2 13. Nxf7 $1 Kxf7 14. Qxe6+ Kg6 15. h5#) 13. O-O-O Nd7
14. f4 Nxe5 (14... Be7 $6 15. Nh5 O-O 16. Qg4 g6 17. Ng3 $16) 15. fxe5 {
[%cal Gf1f7]} (15. dxe5 Qc7 16. Rhf1 O-O-O 17. f5 Bxf5 18. Nxf5 exf5 19. Rxf5
g6 20. Rf3 Bg7 21. e6 $16 {1-0 Arakhamia,K-Olbrich,M/Erevan olw 1996/EXT 96ch2
(48)}) 15... Qc7 16. Rhf1 O-O-O 17. Rf3 b5 18. Bd3 Bg8 $6 {ein sehr häßlicher
Zug} (18... Bxd3 19. Qxd3 f5 20. exf6 gxf6 $14 {war vorzuziehen.}) 19. c4 bxc4
20. Bxc4 Be7 21. Ne4 {alle weißen Figuren begeben sich zum geschwächten
Damenflügel} Nb6 22. Ba5 Bxh4 23. Rc3 {die Aufgabe scheint mir etwas verfrüht.}
(23. Rc3 Bh7 24. Bb5 (24. Nd6+ $2 Rxd6 25. exd6 Bg5+ $19) 24... Bxe4 25. Qxe4
Bg5+ 26. Kb1 Kb8 27. Rxc6 {ist zwar besser für Weiß aber nicht aufgabereif
oder ?}) 1-0

[Event "RUS-ch m1-2"]
[Site "Elista"]
[Date "1997.06.01"]
[Round "5.2"]
[White "Svidler, Peter"]
[Black "Dreev, Alexey"]
[Result "1-0"]
[WhiteElo "2640"]
[BlackElo "2650"]
[Annotator "Mueller,Karsten"]
[PlyCount "67"]
[EventDate "1997.05.19"]
[EventType "k.o."]
[EventRounds "6"]
[EventCountry "RUS"]
[SourceTitle "CBM 059"]
[Source "ChessBase"]
[SourceDate "1997.08.01"]
[SourceVersion "1"]
[SourceVersionDate "1997.08.01"]
[SourceQuality "1"]

1. e4 {Finkel,A} d5 2. exd5 Nf6 3. Nf3 Nxd5 4. d4 Bg4 5. h3 Bh5 6. c4 (6. g4
Bg6 7. Ne5 Nd7 8. Nxg6 hxg6 9. Bg2 e6 10. O-O Bd6 11. Qf3 Qf6 12. Qxf6 N7xf6
13. c4 Nb4 14. Na3 O-O-O $11 {Goldberg,A-Dutschak,H/BL9596 1996/BL 90/1/2-1/2 
(50)}) 6... Nb6 7. Nc3 (7. c5 N6d7 (7... Nd5 $5 {Finkel,A} 8. Qb3 b6 9. Ne5 c6
10. g4 Bg6 11. Bg2 $14) 8. Qb3 (8. Bc4 e6 9. Be3 Nc6 10. Nc3 Be7 11. a3 e5 12.
d5 Nd4 13. g4 Nxf3+ 14. Qxf3 Bg6 15. b4 O-O 16. Rd1 $16 {Byrne-Rogoff 1978,
ECO.}) 8... b6 (8... Nc6 9. d5 Bxf3 10. Qxf3 Nd4 11. Qe4 e5 $1 {Klovans-Gutman
1972.}) 9. Qd5 $1 Bxf3 10. Qxf3 c6 11. Bg5 Nf6 12. Nc3 e6 13. Bb5 Qc8 14. Bxf6
gxf6 15. Qxf6 Rg8 16. Qf3 bxc5 17. Ne4 {>= 17.dxc5 Bxc5 18.0-0 +/-/+-.} Be7 18.
Ba4 Qa6 19. Bb3 Qa5+ {1/2-1/2 Watson,W-Adams,M/London WFW 1990/CBM 18/[King]})
(7. g4 Bg6 8. Ne5 Nc6 (8... Be4 {Finkel,A} 9. Rg1 N8d7 10. Nxd7 (10. Nd2 $5
Nxe5 11. dxe5 (11. Nxe4 $2 Qxd4 $1 $17) 11... Bc6 12. Qe2 e6 13. Qe3 Qe7 14. b3
O-O-O 15. Bb2 h5 16. O-O-O $14) 10... Qxd7 11. Nc3 Bg6 12. Be3 O-O-O 13. Qb3 e6
14. Bg2 c6 15. a4 Bd3 $1 $13 {Buchanan,W-Bryson,D/ch-SCO, Oban 1996 (39)}) 9.
Nxc6 bxc6 10. Bg2 Qd7 11. Qf3 O-O-O 12. O-O Nxc4 13. Bf4 e5 $13 {Varavin,
V-Gipslis,A/Gausdal PG 1993/TD 93\09/1-0 (49)}) 7... e5 (7... e6 {Finkel,A} 8.
Be3 Bb4 9. Qb3 Bxc3+ 10. Qxc3 Bxf3 11. gxf3 N8d7 12. Rg1 $14) 8. g4 {After
this natural move black faces serious problems.} exd4 9. Nxd4 Bg6 (9... c5 $6 {
Finkel,A} 10. Qe2+ $1 $16) 10. Bg2 c6 11. O-O Be7 12. f4 {Svidler spielt mit
seiner Initiative nun sehr energisch:} h6 13. f5 Bh7 14. c5 $1 {White has to
do nothing to develop the initiative.All his moves are very simple and logical.
} N6d7 (14... Bxc5 15. Re1+ Kf8 (15... Be7 16. Bxh6 (16. f6 $1 {Finkel,A} gxf6
17. Bxh6 Nc4 18. Bg7 Nxb2 19. Qd2 $18) 16... gxh6 17. f6 Nc8 18. fxe7 Nxe7 19.
Ne4 $40) 16. Be3 Na6 $14 {während Schwarz große Probleme hat, seine Figuren
ins Spiel zu bringen, kann Weiß den Druck leicht weiter verstärken.} (16... Na6
17. b3 $1 (17. f6 $2 Nc4 18. fxg7+ Kxg7 19. Bf2 Nxb2 $19) 17... h5 18. a3 $5
$44)) 15. g5 $3 {Svidler carries out the attack with great energy and
creativity.He does'nt give black a time to breath.} O-O (15... hxg5 16. Ne6 Qa5
(16... fxe6 17. Qh5+ g6 18. fxg6 $18 (18. fxg6 Bxc5+ 19. Kh1 $18)) 17. Nxg7+ (
17. Qh5 {Finkel,A} Bxc5+ 18. Kh1 $16) 17... Kf8 18. Ne6+ fxe6 19. fxe6+ $40) (
15... Bxg5 {Finkel,A} 16. Bxg5 Qxg5 17. Ne4 Qe3+ 18. Kh1 Ne5 19. Re1 $18) 16.
g6 $1 fxg6 17. Ne6 Qc8 18. Nxf8 Bxc5+ 19. Kh1 Bxf8 20. fxg6 Bxg6 {[%tqu "De",
"Weiß hat zwar eine Qualität mehr, aber wenn Schwarz sich in Ruhe zuende
entwickeln kann, wird es schwer...","","","c1h6","",8]} 21. Bxh6 $3 {Without
this suprising move white's advantage would'nt be so big. Now the game is
almost finished.} Ne5 (21... gxh6 22. Qg4 Kg7 (22... Kh7 23. Rf6 Qe8 (23... Bh5
24. Be4+ Kh8 25. Qf5 Bf3+ 26. Bxf3 Bg7 27. Rf7 $18) (23... Bc2 {Finkel,A} 24.
Rg1 $18) 24. Rxg6 Ne5 25. Re6 Nxg4 26. Rxe8 Nf2+ 27. Kg1 Bc5 28. Kf1 $18) (
22... Qe8 23. Rae1 Ne5 24. Rxe5 Qxe5 25. Qxg6+ Qg7 26. Qe6+ Kh8 27. Qc8 Kg8 28.
Rg1 Kh8 29. Bd5 $18) 23. Be4 Qe8 24. Rae1 Nf6 (24... Bc5 25. Re2 Ne5 (25... h5
26. Qg3 Qe6 27. Bf5 Qd6 28. Qxd6 Bxd6 29. Bxg6 Kxg6 30. Re6+ $18) (25... Nf8
26. Bxg6 Qxg6 27. Qc4 $18) (25... Bd6 26. Rg1 Ne5 27. Bxg6 Qxg6 28. Qd4 $18)
26. Bxg6 Qxg6 27. Rxe5 (27. Qc8 $6 Nbd7 28. Qxa8 Qd3 {ist mir nicht
vollständig klar.}) 27... Qxg4 28. hxg4 Nd7 29. Ref5 $16) (24... h5 25. Qg5 Qe6
(25... Be7 26. Bxg6 Bxg5 27. Bxe8 Nf6 28. Re7+ $18) 26. Bf5 Qf6 27. Rg1 Qxg5
28. Rxg5 Nf6 29. Rxg6+ Kf7 30. Rg2 $18) 25. Rxf6 Kxf6 26. Rf1+ Kg7 27. Bxg6
Qxg6 28. Qd4+ Kg8 29. Rg1 $16) 22. Bf4 Nbd7 23. Ne4 Qe8 24. Qb3+ Qf7 25. Qg3
Bxe4 26. Bxe4 Nf6 27. Bg2 Nh5 (27... Ned7 $5 {Finkel,A}) 28. Qg5 Nd3 29. Be5
Qe7 {Looses on the spot,but black could only prolong his suffer,because
white's advantage is decisive.} 30. Qxh5 Qxe5 (30... Nxe5 31. Rae1 Re8 32. Be4
$18) 31. Qf7+ Kh8 32. Rf5 Nf2+ 33. Kg1 Nxh3+ 34. Kf1 1-0

[Event "EU-Cup 19th"]
[Site "Rethymno"]
[Date "2003.09.28"]
[Round "1.1"]
[White "Akopian, Vladimir Eduardovic"]
[Black "Tzermiadianos, Andreas"]
[Result "1-0"]
[WhiteElo "2703"]
[BlackElo "2418"]
[Annotator "Mueller,Karsten"]
[PlyCount "135"]
[EventDate "2003.09.28"]
[EventType "team-swiss"]
[EventRounds "7"]
[EventCountry "GRE"]
[SourceTitle "CBM 098"]
[Source "ChessBase"]
[SourceDate "2004.02.03"]
[SourceVersion "1"]
[SourceVersionDate "2004.02.03"]
[SourceQuality "1"]
[WhiteTeam "Skopje"]
[BlackTeam "Heraklion OAA"]
[WhiteTeamCountry "MKD"]
[BlackTeamCountry "GRE"]

1. e4 d5 2. exd5 Qxd5 3. Nc3 Qa5 4. d4 c6 5. Nf3 Nf6 6. Bc4 Bf5 7. Bd2 e6 8.
Nd5 Qd8 9. Nxf6+ gxf6 $6 (9... Qxf6 {ist laut Matthias Wahls besser.}) 10. Bb3
Nd7 11. Nh4 Bg6 12. Qf3 Be7 (12... Bd6 $6 13. Qh3 $5 Rg8 14. O-O-O Qe7 15. g4
O-O-O 16. f4 Nb6 17. f5 $16 {1-0 Turner,M-Burnett,J/Torquay 2002/CBM 91 (42). 
(41)}) (12... f5 13. Qh3 Bg7 14. Nf3 Nf6 15. Bh6 O-O 16. O-O Bh5 17. Bxg7 Kxg7
18. c3 $14 {1-0 Boudre,J-Busson,B/Marseille FRA 2003/The Week in Chess 452 (41)
}) 13. g4 $6 (13. O-O-O Qc7 14. Nxg6 hxg6 15. h4 $14) (13. Qh3 $5) 13... Qb6
14. O-O-O O-O-O 15. Rhe1 Bd6 16. Bf4 Bxf4+ 17. Qxf4 Qb5 18. Nf3 h5 19. g5 Qf5
20. Qe3 fxg5 21. Nxg5 Nf6 22. Qd2 Nd5 23. Kb1 Rd7 24. Ne4 Qf4 25. Nc5 Qxd2 26.
Rxd2 Rdd8 27. Nd3 Bxd3 28. Rxd3 Ne7 $11 29. c3 Rdg8 30. Rf3 Nf5 31. d5 cxd5 32.
Bxd5 Nd6 33. Bb3 Rg2 34. h3 Rhg8 35. Kc2 R8g5 36. Kd3 Rf5 37. Ke2 Rh2 38. Rd1
Rxf3 39. Kxf3 Nf5 40. Bc2 Rxh3+ 41. Kg2 Rh4 42. Bxf5 exf5 43. Rd5 Rf4 $6 (43...
Rg4+ $1 $11) 44. f3 $5 {[%mdl 4096] eine teuflische Falle} Ra4 (44... h4 $2 {
[%tqu "De","Was wäre nun die Pointe gewesen?","","","b2b3","",7]} 45. b3 $1 $18
{[%cal Gg2f2,Gf2e3]}) 45. a3 Ra6 46. Rc5+ Kd8 47. Rb5 $6 (47. Rxf5 $5 Rb6 48.
b4 Ke7 49. Ra5 $14) 47... Kc8 (47... Rb6 {war auch spielbar:} 48. Rxb6 axb6 49.
Kg3 Ke7 50. Kh4 Kf6 51. Kxh5 Ke5 52. Kg5 b5 53. b3 f6+ 54. Kg6 Kf4 55. Kxf6
Kxf3 56. Kxf5 Ke3 $11) 48. Kh3 f4 49. Kh4 Rg6 50. Rb4 Rg2 51. Kxh5 Kb8 52. b3
Rc2 53. Rc4 Rb2 54. b4 Ra2 55. Rxf4 Rxa3 56. Rxf7 Rxc3 57. f4 a5 $2 (57... Rc4
58. b5 (58. f5 Rxb4 59. f6 Rf4 60. Rf8+ Kc7 61. Kg6 a5 62. f7 a4 63. Ra8 b5 64.
Ra6 Rxf7 (64... Kb7 $2 65. Rf6 $18) 65. Kxf7 Kb7 66. Rg6 a3 67. Rg3 b4 68. Rb3
Kb6 69. Rxb4+ Ka5 $11) 58... Rc5+ 59. Kg6 Rxb5 60. f5 a5 61. f6 Rb2 62. Rd7
Rg2+ 63. Kh7 Rf2 64. f7 Ka7 65. Kg7 a4 66. Rd5 Ka6 67. Rd6+ Kb5 68. Rf6 Rg2+
69. Kh6 Rh2+ 70. Kg6 Rh8 71. Rf3 Kb4 72. Re3 Rf8 $11) 58. bxa5 Rc5+ 59. Kg6
Rxa5 60. f5 Ka7 61. f6 Ra1 62. Rg7 Rg1+ 63. Kf7 Rf1 64. Rg5 Ka6 65. Ke6 Re1+
66. Re5 Rh1 67. f7 Rh8 68. Rf5 1-0

[Event "USA-ch G2"]
[Site "Chandler"]
[Date "1997.08.27"]
[Round "4"]
[White "De Firmian, Nick E"]
[Black "Dzindzichashvili, Roman"]
[Result "1/2-1/2"]
[WhiteElo "2570"]
[BlackElo "2540"]
[Annotator "Mueller,Karsten"]
[PlyCount "72"]
[EventDate "1997.08.23"]
[EventType "tourn"]
[EventRounds "7"]
[EventCountry "USA"]
[EventCategory "13"]
[SourceTitle "CBM 061"]
[Source "ChessBase"]
[SourceDate "1997.11.23"]
[SourceVersion "1"]
[SourceVersionDate "1997.11.23"]
[SourceQuality "1"]

1. e4 d5 2. exd5 Qxd5 3. Nc3 Qd6 4. d4 Nf6 5. Nf3 a6 6. Be3 e6 (6... Nc6 7. Qd2
Bg4 8. Ng5 e5 9. d5 Nb4 10. f3 Bf5 11. Nge4 Qd7 12. O-O-O c6 13. dxc6 Qxd2+ 14.
Rxd2 $16 {1-0 Karpov,A-Lutikov,A/URS Spartakiad 1979/MCD-ch (28)}) 7. Qd2 (7.
Bd3 Nbd7 8. O-O c5 9. Qe2 Qc7 10. d5 Ne5 11. Bf4 Nxf3+ 12. Qxf3 Bd6 13. Bxd6
Qxd6 14. dxe6 Bxe6 15. Qxb7 $16 {1-0 Kovalev,A-Reuker,M/Hamburg Wichern-op
1995/EXT 95op (23)}) 7... Be7 (7... Nbd7 8. Bf4 Qc6 9. a3 b5 10. d5 $6 exd5 11.
Nd4 Qb6 12. Qe2+ Kd8 13. O-O-O Bb7 14. Nf3 h6 $13 {Blauert,J-Labahn,W/Hamburg
Wichern op 1993/EXT 93op/1/2-1/2 (49)}) 8. Bd3 O-O 9. O-O-O b5 10. Ng5 Bb7 11.
Bf4 Qd8 12. h4 Nbd7 (12... Bxg2 $2 {so einen Bauern sollte man nicht nehmen.
Zur Illustration der Gefährlichkeit des weißen Angriffs:} 13. Rhg1 Bb7 14. Be5
g6 15. h5 Nxh5 16. Nxe6 fxe6 17. Qh6 Rf6 (17... Bf6 $2 18. Bxg6 hxg6 19. Qxg6+
Ng7 20. Qxg7+ $18) 18. Bxf6 Nxf6 19. Bxg6 Kh8 (19... hxg6 20. Rxg6+ Kf7 21.
Rg7+ Ke8 22. Qg6+ Kd7 23. Qxf6 $18) 20. Ne4 Bf8 (20... Qf8 21. Qxf8+ Bxf8 22.
Nxf6 $18) 21. Qh4 Nbd7 22. Ng5 Qe7 23. Nf7+ Kg8 24. Bh5+ Bg7 25. Rxg7+ Kxg7 26.
Qg5+ Kf8 27. Qh6+ Ke8 28. Nd6+ Kd8 29. Nxb7+ Kc8 30. Bf3 $16) 13. Qe2 b4 {
Schwarz gelingt es in der Folge, die Stellung so zu vereinfachen, daß Weiß
seinen Königsangriff nicht mehr fortsetzen kann.} 14. Nce4 Nxe4 15. Nxe4 Nf6
16. Be5 Nxe4 17. Bxe4 Bxe4 18. Qxe4 Bd6 19. Qg4 Bxe5 20. dxe5 Qe7 21. Qc4 a5
22. Rd4 Rad8 23. Rhd1 Rxd4 24. Rxd4 h5 25. g3 Rd8 26. Qd3 Rxd4 27. Qxd4 a4 28.
c3 bxc3 29. Qxc3 Qd7 30. Qc4 f6 31. exf6 gxf6 32. Kc2 Kg7 33. b3 axb3+ 34. Kxb3
Qd1+ 35. Qc2 Qd5+ 36. Kb2 c5 1/2-1/2

[Event "GER-ch 72nd"]
[Site "Heringsdorf"]
[Date "2000.11.20"]
[Round "4"]
[White "Zeller, Frank"]
[Black "Holzhaeuer, Mathias"]
[Result "0-1"]
[WhiteElo "2434"]
[BlackElo "2362"]
[Annotator "Mueller,Karsten"]
[PlyCount "80"]
[EventDate "2000.11.17"]
[EventType "swiss"]
[EventRounds "9"]
[EventCountry "GER"]
[SourceTitle "CBM 080"]
[Source "ChessBase"]
[SourceDate "2001.01.25"]
[SourceVersion "1"]
[SourceVersionDate "2001.01.25"]
[SourceQuality "1"]

1. e4 {Ernst} d5 2. exd5 Nf6 3. Nf3 Nxd5 4. d4 Bg4 5. h3 Bh5 6. c4 Nb6 7. c5
N6d7 8. Qb3 (8. Bc4 $1 {Ernst}) 8... b6 $6 9. Qd5 Bxf3 10. Qxf3 c6 11. Bg5 bxc5
$146 (11... Nf6 12. Nc3 e6 13. Bb5 Qc8 14. Bxf6 gxf6 15. Qxf6 Rg8 16. Qf3 bxc5
17. Ne4 (17. dxc5 $142 Bxc5 18. O-O $16 {(King)}) 17... Be7 18. Ba4 Qa6 19. Bb3
Qa5+ {1/2-1/2 Watson,W-Adams,M/London 1990/CBM 18/[King] (19)}) 12. Bc4 Nf6 (
12... f6 {ist der Vorschlag von Fritz 6.}) 13. Bxf6 exf6 (13... gxf6 $6 14. Qh5
cxd4 (14... e6 $2 15. Bxe6 Qe7 16. Kd1 $16) 15. Bxf7+ Kd7 16. Qf5+ Kc7 17. Qa5+
Kc8 18. Be6+ Nd7 19. Qa4 $36) 14. Qb3 Qc7 (14... Qe7+ $5) 15. O-O cxd4 16.
Bxf7+ $1 {[%mdl 64]} Kd8 (16... Qxf7 17. Re1+ Be7 18. Qb7 Kf8 $5 (18... O-O 19.
Rxe7 $18) (18... Kd8 19. Nc3 Rf8 20. Qxa8 Bd6 21. Rad1 Kc8 22. Rxd4 Rd8 23. Nb5
cxb5 24. Rxd6 Rxd6 25. Rc1+ $18) 19. Nd2 g6 20. Qxa8 Bd6 21. Ne4 Be5 22. Nc5
$18) 17. Rd1 Nd7 $6 (17... Bc5 18. Nc3 Nd7 19. Na4 Bb6 $14) 18. Rxd4 Bc5 19.
Rd2 Rb8 20. Qe6 Rb4 21. Nc3 Rd4 22. Rad1 Qe5 $6 (22... Rxd2 23. Rxd2 Rf8 24.
Qc4 $16) 23. Ne2 (23. Rxd4 Bxd4 24. Qxc6 $18) 23... Rxd2 24. Rxd2 Qc7 25. Nf4
Kc8 26. Qc4 Bb6 27. Be6 Rd8 28. Qd3 $4 {[%mdl 8192]} (28. Bg4 Kb7 29. Ne6 Ne5
30. Nxd8+ Qxd8 31. Rxd8 Nxc4 32. Rd7+ $18) 28... Qxf4 29. Bxd7+ Kc7 30. g3 $2 (
{Besser ist} 30. b4 {wonach z.B.} Qe5 31. Rd1 Qf4 32. Rd2 $11 {folgen kann.})
30... Qe5 31. Kg2 $2 (31. g4 $5 g6 ({nach} 31... Qe7 {geht noch} 32. Qg3+ Qe5
33. Qd3 {und Schwarz muß doch anders versuchen, aus der Fesselung Kapital zu
schlagen.}) 32. a4 f5 33. b4 fxg4 34. hxg4 Qe7 35. Qg3+ Kb7 36. Qd3 Qxb4 $17)
31... Qe7 $19 32. Re2 Qxd7 33. Qxh7 Qd5+ 34. Kh2 Rd7 35. Qh8 Kb7 (35... Qf3 $19
) 36. h4 Qf3 37. Qe8 Rc7 38. Kg1 $6 Qxg3+ 39. Kf1 Qxh4 40. Ke1 Qh1+ 0-1

[Event "RUS-ch 53rd"]
[Site "Samara"]
[Date "2000.06.22"]
[Round "6"]
[White "Kobalia, Mihail"]
[Black "Sergienko, Sergey"]
[Result "1-0"]
[WhiteElo "2593"]
[BlackElo "2425"]
[Annotator "Mueller,Karsten"]
[PlyCount "85"]
[EventDate "2000.06.03"]
[EventType "swiss"]
[EventRounds "11"]
[EventCountry "RUS"]
[SourceTitle "CBM 078"]
[Source "ChessBase"]
[SourceDate "2000.10.18"]
[SourceVersion "1"]
[SourceVersionDate "2000.10.18"]
[SourceQuality "1"]

1. e4 d5 2. exd5 Nf6 3. c4 e6 4. dxe6 Bxe6 5. Nf3 Qe7 6. Qe2 Nc6 7. d4 Bg4 $6
8. Be3 (8. Qxe7+ Bxe7 9. Be3 $14 {1-0 Soylu,S-Santos,C/Pula 1997/EXP 57/
[Mueller,Karsten] (41)}) 8... O-O-O 9. d5 (9. Nbd2 Nb4 10. Rc1 Bf5 $13 {
Churm Rohan-Ryan Joseph/It (open), Isle of Man (Great Britain) 1995/0-1 (48)})
9... Qb4+ 10. Nc3 Ne5 11. h3 Nxf3+ 12. gxf3 Bf5 (12... Bxf3 $2 13. Qxf3 Qxb2
14. Rc1 Bb4 15. Qf5+ Kb8 16. Qc2 $18) 13. Bg2 Nd7 14. O-O Ne5 15. Bxa7 Nd3 16.
Be3 Qxc4 (16... Nxb2 $5) 17. Rfd1 Ne5 18. f4 Qxe2 19. Nxe2 Nc4 20. Nd4 Bd7 21.
b3 Nd6 22. a4 Be7 23. Nf3 Bf6 24. Rac1 Kb8 25. Ne5 Rhe8 26. Nc4 $5 {[%mdl 32]
gibt den Bauern zurück, um danach einen durch das Bauernduo c4-d5
unterstützten Königsangriff zu inszenieren} Nxc4 27. bxc4 Bxa4 28. Rd2 Rd6 $6 {
[%cal Gc4c8,Gd5d8]} 29. Rb1 Ra6 30. c5 Bc3 31. Ra2 Bb5 32. Rxa6 Bxa6 (32...
bxa6 33. Bf1 c6 34. dxc6 Kc7 35. Bxb5 axb5 36. Rxb5 $16) 33. c6 Kc8 $6 (33...
Bf6 34. cxb7 $16) 34. d6 $1 $18 bxc6 (34... cxd6 35. cxb7+ Kb8 36. Rb3 Bf6 37.
Bc6 Rd8 38. Ra3 Bxb7 39. Rb3 Kc7 40. Bxb7 Rb8 41. Bd5 $18) 35. Bxc6 Rd8 36. Rb3
Bf6 37. d7+ Rxd7 38. Ba7 $1 {[%mdl 128]} Rd1+ (38... Kd8 39. Rb8+ Bc8 40. Bb7
Rd1+ 41. Kg2 Rb1 42. Rxc8+ Kd7 43. Be4 $18) 39. Kh2 Kd8 40. Rb8+ Ke7 41. Bc5+
Ke6 42. Re8+ Kf5 $6 43. Be4+ (43. Be4+ Kxf4 44. Be3#) 1-0